00548 2200205 4500001002100000008004100021035002000062082000800082084001400090100002100104245009700125250000600222260004100228300001100269650001400280990001200294990001200306990001200318990001200330INLIS000000000000547 ind  a0010-0424000523 a700 a700 FIR e aBudhi A, Firdaus aEnsiklopedia Seni Budaya; Cara Terbaru Belajar Gitar ( Pengetahuan Gitar )cFirdaus Budhi A. a1 aYogyakarta :bCitra Aji Paramac2013 a80 hlm aNon Fiksi a0722216 a0722217 a0722218 a0722219